Dates de règne des monarques du Royaume-Uni (depuis 1707) - Statistiques

Statistiques générales
  • Ce quiz a été pris 7 fois
  • Le résultat moyen est 10 sur 13
Statistiques - réponses
Monarque Règne % Correct
Charles III 2022-
100%
Anne 1707-1714
86%
George III 1760-1820
86%
Victoria 1837-1901
86%
George V 1910-1936
86%
Elisabeth II 1952-2022
86%
George Ier 1714-1727
71%
George II 1727-1760
71%
George IV 1820-1830
71%
Guillaume IV 1830-1837
71%
Edouard VII 1901-1910
71%
Edouard VIII 1936
71%
George VI 1936-1952
71%
Aucun quiz correspondant
Distribution des résultats
% des personnes avec chaque résultat
Percentile par nombre de réponses
Votre historique - résultats
Vous n’avez pas pris ce quiz